Móng nhà cao tầng : Kinh nghiệm nước ngoài
Nội dung sách gồm sáu chương giới thiệu những yêu cầu cơ bản về thiết kế và cấu tạo móng nhà cao tầng, cách tính toán, thiết kế móng bè và móng hộp, móng cọc nhà cao tầng. Và một số vấn đề đặc biệt trong thiết kế móng nhà cao tầ...
Salvato in:
| Autore principale: | |
|---|---|
| Natura: | Libro |
| Lingua: | Undetermined |
| Pubblicazione: |
Hà Nội
Xây dựng
2004
|
| Soggetti: | |
| Tags: |
Aggiungi Tag
Nessun Tag, puoi essere il primo ad aggiungerne! !
|
| Thư viện lưu trữ: | Trung tâm Học liệu Trường Đại học Cần Thơ |
|---|
| LEADER | 01002nam a2200217Ia 4500 | ||
|---|---|---|---|
| 001 | CTU_96124 | ||
| 008 | 210402s9999 xx 000 0 und d | ||
| 020 | |c 54000 | ||
| 082 | |a 624.152 | ||
| 082 | |b K250 | ||
| 100 | |a Nguyễn, Bá Kế | ||
| 245 | 0 | |a Móng nhà cao tầng : | |
| 245 | 0 | |b Kinh nghiệm nước ngoài | |
| 245 | 0 | |c Nguyễn Bá Kế chủ biên ... [et al.] | |
| 260 | |a Hà Nội | ||
| 260 | |b Xây dựng | ||
| 260 | |c 2004 | ||
| 520 | |a Nội dung sách gồm sáu chương giới thiệu những yêu cầu cơ bản về thiết kế và cấu tạo móng nhà cao tầng, cách tính toán, thiết kế móng bè và móng hộp, móng cọc nhà cao tầng. Và một số vấn đề đặc biệt trong thiết kế móng nhà cao tầng. | ||
| 650 | |a Piling (Civil engineering),Foundations | ||
| 904 | |i Minh | ||
| 980 | |a Trung tâm Học liệu Trường Đại học Cần Thơ | ||